000 00441nam a2200157 i 4500
001 36941
003 ES-MaACL
005 20230906155456.0
007 t|
008 030219s1944 sp ||||1| spa d
100 1 _aBrunet, Jaime.
_932160
245 1 0 _aFogatas de invierno /
_cJaime Brunet.
260 _aSan Sebastián :
_b[s.n.,
_c1944] (
_fGráficas Fides)
300 _a147 p., 10 lám. ;
_c20 cm.
852 _aES-MaACL
_jF-16089
_bR.20930
999 _c36941
_d36941